| 000 | 00783nam a2200229 a 4500 | ||
|---|---|---|---|
| 001 | 39708 | ||
| 003 | BD-RjUL | ||
| 005 | 20211209053037.0 | ||
| 008 | 160416s1997 bg ||||| |||| 00| f ben d | ||
| 020 | _cTK. 80.00 | ||
| 035 | _a(BD-RjUL)39821 | ||
| 040 |
_aBD-RjUL _bben _cBD-RjUL |
||
| 041 | _aben | ||
| 082 |
_223 _a891.443 _bHAB 1997 |
||
| 100 |
_aহক, কাজী ইমদাদুল _9119492 |
||
| 245 | 1 | 0 |
_aবাউল মন / _cকাজী ইমদাদুল হক |
| 260 |
_aকুড়িগ্রাম : _bমিসেস কাজী ইমদাদুল হক, _c১৯৯৭ |
||
| 300 |
_a১২৮ পৃ. ; _c২২ সেমি. |
||
| 650 |
_aবাংলা উপন্যাস _9122314 |
||
| 650 |
_aBengali Fiction _9122315 |
||
| 942 |
_2ddc _cBK |
||
| 999 |
_c39708 _d39708 |
||